000
00279nam a22001337a 4500
003
SGT
082
_a
340,ALI
100
_a
ALI,H.
245
_a
PRINCIPLES OF MARKETING
260
_a
LONDON
_b
UNIVERSITY OF LONDON
_c
2006
300
_a
170
650
_a
MARKETING
942
_2
ddc
_c
BK
999
_c
11121
_d
11121